000 03962cam a22006614i 4500
003 PE-LiUPU
005 20250731173315.0
008 150625s1988 miu rb 000 0 spa d
020 _a0825418240
035 _a(Sirsi) i9780825418242
040 _aPE-LiUPU
_bspa
_cPE-LiUPU
_erda
049 _aPRUA
082 0 4 _a270.20
_bV87
_221
100 1 _aVos, Howard F.,
_eautor.
245 1 0 _aBreve historia de la iglesia cristiana /
_cHoward F. Vos.
264 1 _aMichigan :
_bPortavoz,
_c1988.
300 _a160 páginas ;
_c21 centímetros
336 _atext
_2rdacontent
337 _aunmediated
_2rdamedia
338 _avolume
_2rdacarrier
504 _aIncluye referencias bibliográficas.
505 0 _aLos comienzos -- Los padres -- Enemigos por dentro y por fuera -- Establecimiento del canon y del credo -- El papado medieval -- Disyunción de la santa iglesia católica -- Europa en la era moderna -- La España actual -- La iglesia en las Américas -- La situación actual en América Latina.
526 _aSEG42
526 _aSEG41
526 _aSEG40
526 _aSEG39
526 _aP94
526 _aP87
526 _aP86
526 _aP85
526 _aP77
526 _aP76
526 _aP35
541 _g001-000259;
541 _g001-000259;
541 _g001-000259;
541 _g001-0000127;
541 _g001-000259;
541 _g001-000259;
650 0 4 _aIglesia
_xHistoria.
700 1 _aEscobar Peña, Juan,
_etraductor.
700 1 _aEscuain, Santiago,
_etraductor.
942 _2ddc
_cBOOK
949 _a270.20 V87
_wDEWEY
_c1
_i57545
_lCCODEBUL1
_mBUL
_p7.00
_r0
_sY
_tBOOK
_u2015-6-25
_xTEOLOGIA
_zUNKNOWN
_0COMPRA
_o.STAFF. Colección Teología
949 _a270.20 V87
_wDEWEY
_c2
_i57546
_lCCODEBUL1
_mBUL
_p7.00
_r0
_sY
_tBOOK
_u2015-6-25
_xTEOLOGIA
_zUNKNOWN
_0COMPRA
_o.STAFF. Colección Teología
949 _a270.20 V87
_wDEWEY
_c3
_i57547
_lCCODEBUL1
_mBUL
_p7.00
_r0
_sY
_tBOOK
_u2015-6-25
_xTEOLOGIA
_zUNKNOWN
_0COMPRA
_o.STAFF. Colección Teología
949 _a270.20 V87
_wDEWEY
_c4
_i56403
_lCCODEBUL1
_mBUL
_p6.00
_r0
_sY
_tBOOK
_u2015-6-25
_xTEOLOGIA
_zUNKNOWN
_0COMPRA
_o.STAFF. Colección Teología
949 _a270.20 V87
_wDEWEY
_c5
_i57543
_lCCODEBUL1
_mBUL
_p7.00
_r0
_sY
_tBOOK
_u2015-6-25
_xTEOLOGIA
_zUNKNOWN
_0COMPRA
_o.STAFF. Colección Teología
949 _a270.20 V87
_wDEWEY
_c6
_i57544
_lCCODEBUL1
_mBUL
_p7.00
_r0
_sY
_tBOOK
_u2015-6-25
_xTEOLOGIA
_zUNKNOWN
_0COMPRA
_o.STAFF. Colección Teología
994 _aC0
_bPEPRU
596 _a1
999 _a270.20 V87
_wDEWEY
_c45654
_i57545
_d45654
_e2015-11-24
_f2021-11-11
_g5
_lCCODEBUL1
_mBUL
_n11
_p7.00
_r0
_sY
_tBOOK
_u2015-6-25
_xTEOLOGIA
_PP35
_0COMPRA
_o.STAFF. Colección Teología
999 _a270.20 V87
_wDEWEY
_c2
_i57546
_d2015-11-23
_e2015-11-22
_f2021-11-11
_g5
_lCCODEBUL1
_mBUL
_n13
_p7.00
_r0
_sY
_tBOOK
_u2015-6-25
_xTEOLOGIA
_PP35
_0COMPRA
_o.STAFF. Colección Teología
999 _a270.20 V87
_wDEWEY
_c3
_i57547
_d2019-9-23
_e2019-9-19
_f2021-11-11
_g5
_lCCODEBUL1
_mBUL
_n14
_p7.00
_q2
_r0
_sY
_tBOOK
_u2015-6-25
_xTEOLOGIA
_PP35
_0COMPRA
_o.STAFF. Colección Teología
999 _a270.20 V87
_wDEWEY
_c4
_i56403
_d2018-4-23
_e2018-4-22
_f2021-11-11
_g5
_lCCODEBUL1
_mBUL
_n7
_p7.00
_r0
_sY
_tBOOK
_u2015-6-25
_xTEOLOGIA
_PP35
_0COMPRA
_o.STAFF. Colección Teología
999 _a270.20 V87
_wDEWEY
_c5
_i57543
_d2017-11-20
_e2015-11-22
_f2021-11-11
_g5
_lCCODEBUL1
_mBUL
_n11
_p7.00
_q1
_r0
_sY
_tBOOK
_u2015-6-25
_xTEOLOGIA
_zUNKNOWN
_0COMPRA
_o.STAFF. Colección General
999 _a270.20 V87
_wDEWEY
_c6
_i57544
_d2015-11-23
_e2015-11-22
_f2021-11-11
_g5
_lCCODEBUL1
_mBUL
_n9
_p7.00
_r0
_sY
_tBOOK
_u2015-6-25
_xTEOLOGIA
_zUNKNOWN
_0COMPRA
_o.STAFF. Colección Teología
980 _81
_gALBERTO SANCHEZ Responsable de Automatización